000 01031nam a22003257a 4500
001 322
003 FISKH
005 20230629082200.0
008 230321b cb ||||| |||| 00| 0 eng d
020 _a9781405393294
040 _aDLC
_beng
_erda
_cDLC
_dDLC
_dFISKH
042 _apcc
050 0 0 _aQL122.2
_b.W34 2015
082 0 0 _a599.53
_223
100 1 _aWallace, Karen.
245 1 0 _aDiving dolphin /
_cwritten by Karen Wallace.
250 _a2015 edition.
264 1 _aLondon
_bDK Publishing
_c2011
300 _a47 p.
_bills.
_c23 cm.
336 _atext
_btxt
_2rdacontent
337 _aunmediated
_bn
_2rdamedia
338 _avolume
_bnc
_2rdacarrier
490 0 _aDK readers. 1, Beginning to read
500 _aIncludes index.
520 _aA young dolphin's life is full of adventure! He wants to explore, but can he escape the killer whales?
650 0 _aAquatic animals
_vJuvenile literature.
650 0 _aDolphins
_vJuvenile literature.
906 _a7
_bcbc
_corigcop
_d2
_encip
_f20
_gy-gencatlg
942 _2ddc
_cBK
_n0
999 _c322
_d322